El lenguaje. Introducción al estudio del habla.
Tallennettuna:
| Päätekijä: | |
|---|---|
| Muut tekijät: | , |
| Aineistotyyppi: | Kirja |
| Kieli: | espanja |
| Julkaistu: |
México, D.F., México:
Fondo de Cultura Económica,
1954.
|
| Painos: | Primera edición en español. |
| Sarja: | Breviarios del Fondo de Cultura Económica, 96.
|
| Aiheet: | |
| Tagit: |
Lisää tagi
Ei tageja, Lisää ensimmäinen tagi!
|
MARC
| LEADER | 00000cam a2200000 a 4500 | ||
|---|---|---|---|
| 001 | UCT2595 | ||
| 003 | CL-VaPUC | ||
| 005 | 20220822114329.0 | ||
| 008 | 961011e19540000MX |||||||||||||||||spa|d | ||
| 999 | |c 252648 |d 252646 | ||
| 040 | |c Pontificia Universidad Católica de Valparaíso | ||
| 082 | 0 | 4 | |a 410 SAP 1954 |2 21 |
| 100 | 0 | |a Sapir, Edward |e autor |9 371607 | |
| 245 | 1 | 3 | |a El lenguaje. |b Introducción al estudio del habla. |
| 250 | |a Primera edición en español. | ||
| 260 | |a México, D.F., México: |b Fondo de Cultura Económica, |c 1954. | ||
| 300 | |a 280 páginas. | ||
| 490 | 0 | |a Breviarios del Fondo de Cultura Económica, 96. | |
| 500 | |a c.8 Donación Familia Prof. Alejandro Guzmán Brito. | ||
| 583 | |a last modification |c 20140814 11:43:20 |k Rodrigo Vera | ||
| 650 | 0 | |a Lingüística |9 265068 | |
| 650 | 0 | |a Comunicación oral |9 307769 | |
| 650 | 0 | |a Lenguaje |9 265069 | |
| 650 | 0 | |a Gramática |9 270497 | |
| 700 | |a Frenk Alatorre, Margit |e traductora |9 866171 | ||
| 700 | |a Alatorre, Antonio |e traductor |9 866172 | ||
| 942 | |c BK |2 ddc |n 0 | ||
| 945 | |d 19961011 00:00:00 |a rleighto | ||
| 952 | |0 0 |1 0 |4 0 |6 410_000000000000000_SAP_1954 |7 0 |8 A |9 272611 |a BIBEDU |b BIBEDU |d 2019-11-19 |i 1554484 |o 410 SAP 1954 |p 1554484 |r 2019-11-19 |w 2019-11-19 |y BK |k EDU | ||
| 952 | |0 0 |1 0 |4 0 |6 410_000000000000000_SAP_1954 |7 0 |8 A |9 272612 |a BIBEDU |b BIBEDU |d 2019-11-19 |i 1554492 |o 410 SAP 1954 |p 1554492 |r 2019-11-19 |w 2019-11-19 |y BK |k EDU | ||
| 952 | |0 0 |1 0 |4 0 |6 410_000000000000000_SAP_1954 |7 0 |8 A |9 272613 |a BIBEDU |b BIBEDU |d 2019-11-19 |i 1554506 |o 410 SAP 1954 |p 1554506 |r 2019-11-19 |w 2019-11-19 |y BK |k EDU | ||
| 952 | |0 0 |1 0 |4 0 |6 410_000000000000000_SAP_1954 |7 0 |8 A |9 272614 |a BIBEDU |b BIBEDU |d 2019-11-19 |i 2879778 |o 410 SAP 1954 |p 2879778 |r 2019-11-19 |w 2019-11-19 |y BK |k LIT | ||
| 952 | |0 0 |1 0 |4 0 |6 410_000000000000000_SAP_1954 |7 0 |8 A |9 272615 |a BIBEDU |b BIBEDU |d 2019-11-19 |i 2879786 |o 410 SAP 1954 |p 2879786 |r 2019-11-19 |w 2019-11-19 |y BK |k LIT | ||
| 952 | |0 0 |1 0 |4 0 |6 410_000000000000000_SAP_1954 |7 0 |8 A |9 272616 |a FDOPOS |b FDOPOS |d 2019-11-19 |i 4312856 |o 410 SAP 1954 |p 4312856 |r 2025-01-22 |w 2019-11-19 |y BK |k MLA | ||
| 952 | |0 0 |1 0 |3 erb |4 0 |6 410_000000000000000_SAP_1954 |7 0 |8 A |9 272617 |a BIBEDU |b BIBEDU |i 5009847 |o 410 SAP 1954 |p 5009847 |r 2019-11-19 |w 2019-11-19 |y BK |z Catalogado en:20140814 |k LIT | ||